| 000 | 01535cam a2200313 i 4500 | ||
|---|---|---|---|
| 001 | 20678191 | ||
| 005 | 20230715133714.0 | ||
| 008 | 180921s2019 enk b 001 0 eng | ||
| 010 | _a 2018040091 | ||
| 020 | _a9780815368861 (hardcover) | ||
| 040 |
_aDLC _beng _cDLC _erda _dDLC |
||
| 041 | 1 |
_aeng _hchi |
|
| 042 | _apcc | ||
| 050 | 0 | 0 | _aPL 2801.R68 2019 |
| 082 | 0 | 0 |
_a895.18/5109 _223 |
| 130 | 0 |
_aQuan qiu shi ye xia de Shen Congwen. _lEnglish. |
|
| 245 | 1 | 0 |
_aRoutledge companion to Shen Congwen / _cedited by Zhou Gang, Chen Sihe, Zhang Xinying, and Jeffrey C. Kinkley ; translated by Jeffrey C. Kinkley, Zhou Gang, etc. |
| 300 |
_ax, 306 pages ; _c26 cm. |
||
| 490 | 0 | _aChinese literature series from a global perspective | |
| 504 | _aIncludes bibliographical references and index. | ||
| 600 | 1 | 0 |
_aShen, Congwen, _d1902-1988 _xCriticism and interpretation. |
| 700 | 1 |
_aZhou, Gang, _d1966- _eeditor. |
|
| 700 | 1 |
_aKinkley, Jeffrey C., _d1948- _eeditor. |
|
| 700 | 1 |
_aChen, Sihe, _eeditor. |
|
| 776 | 0 | 8 |
_iOnline version: _dLondon ; New York, NY : Routledge, 2019 _z9781351253727 _w(DLC) 2018051164 |
| 906 |
_a7 _bcbc _corignew _d1 _eecip _f20 _gy-gencatlg |
||
| 942 |
_2lcc _cBOOKS _hPL 2801.R68 2019 |
||
| 999 |
_c31666 _d31666 |
||